000 00730nam a2200253Ia 4500
003 OSt
005 20221007103758.0
006 a|||||r|||| 00| 0
007 ta
008 221006b |||||||| |||| 00| 0 eng d
020 _a0521687594
024 _a14,028
037 _cTextual
040 _aLCO
_cLCO
_beng
041 _2eng
_aeng
082 _aZ2,218, P6
100 _aLouka Elli
_9631542
245 0 _aInternational Environmental Law
_b Fairness, Effectiveness, and World Order
260 _aCambridge
_bCambridge University Press U.S.A.
_c2006
300 _a518
650 _aINTERNATIONAL ENVIRONMENTAL LAW
_9705540
942 _hZ2,218, P6
_cTEXL
999 _c1183591
_d1183591